Industrialización y crecimiento de los países en desarrollo (Registro nro. 6723)

Detalles MARC
000 -LEADER
fixed length control field 01600 a2200193 4500
001 - CONTROL NUMBER
control field 59517
005 - DATE AND TIME OF LATEST TRANSACTION
control field 20260407155849.0
008 - FIXED-LENGTH DATA ELEMENTS--GENERAL INFORMATION
fixed length control field 260407a1972 arg spa d
003 - CONTROL NUMBER IDENTIFIER
control field AR-UNSa-BCEJYS
040 ## - CATALOGING SOURCE
Original cataloging agency AR-UNSa-BCEJYS
Language of cataloging spa
Transcribing agency AR-UNSa-BCEJYS
080 ## - UNIVERSAL DECIMAL CLASSIFICATION NUMBER
Universal Decimal Classification number 330.342
Common auxiliary subdivision Nivel de desarrollo. Grados del desarrollo de la economía. Sistemas económicos
100 1# - MAIN ENTRY--PERSONAL NAME
Personal name Muns Albuixech, Joaquín
245 10 - TITLE STATEMENT
Title Industrialización y crecimiento de los países en desarrollo
264 #1 - PRODUCTION, PUBLICATION, DISTRIBUTION, MANUFACTURE, AND COPYRIGHT NOTICE
Place of production, publication, distribution, manufacture Barcelona :
Name of producer, publisher, distributor, manufacturer Ariel
Date of production, publication, distribution, manufacture, or copyright notice 1972
300 ## - PHYSICAL DESCRIPTION
Extent 308 p.
Dimensions 21 cm.
505 ## - FORMATTED CONTENTS NOTE
Formatted contents note Primera parte: Comercio internacional, industrialización y desarrollo: 1. Crecimiento, desarrollo y otras ideas introductorias – 2. El comercio mundial como vehículo de crecimiento económico – 3. El papel de la industria en el crecimiento económico transmitido a través del comercio internacional – 4. Hacia un estrangulamiento en el comercio exterior de los países en vías de desarrollo – Segunda parte: La industrialización sustitutiva de importaciones: 5. La industrialización como objetivo de política económica – 6. La industrialización forzada y la sustitutiva de importaciones – 7. La industrialización sustitutiva de importaciones y la demanda interior – 8. La sustitución de importaciones y la balanza comercial – 9. La mecánica interna de la industrialización sustitutiva de importaciones y su impacto sobre la estructura productiva – 10. La industrialización sustitutiva de importaciones y las principales distorsiones del sistema productivo
590 ## - LOCAL NOTE (RLIN)
Local note niveau_biblio:m niveau_hierar:0
942 ## - ADDED ENTRY ELEMENTS (KOHA)
Koha item type
Existencias
Withdrawn status Lost status Damaged status Not for loan Home library Current library Shelving location Date acquired Total checkouts Full call number Barcode Date last seen Price effective from Koha item type
        Biblioteca Prof. Eusebio Cleto del Rey Biblioteca Prof. Eusebio Cleto del Rey   07/04/2026   330.342 M969 L13475 07/04/2026 07/04/2026 Libro